| 000 | 00572nam a2200217 4500 | ||
|---|---|---|---|
| 001 | 143455 | ||
| 003 | ES-MaACL | ||
| 005 | 20230906200823.0 | ||
| 007 | t| | ||
| 008 | 070214s1983 sp r ||||1| spa d | ||
| 020 | _a84-376-0431-1 | ||
| 100 | 1 |
_aSenosiain, Serafín. _9105475 |
|
| 245 | 1 | 3 |
_aLa sangre / _cSerafín Senosiain. |
| 250 | _a1ª. ed. | ||
| 260 |
_aMadrid : _bCátedra, _c1983. |
||
| 300 |
_a50 p. ; _c21 cm. |
||
| 490 | 1 | _aPoesía cátedra | |
| 830 | 0 |
_aPoesía cátedra _9183626 |
|
| 852 |
_aES-MaACL _j2140-F-13 _bR.109181 |
||
| 999 |
_c143455 _d143455 |
||